Handbook of industrial licences and letters of intent, 1985 (Record no. 352384)

000 -LEADER
fixed length control field 00371cam a22001217a 4500
008 - FIXED-LENGTH DATA ELEMENTS--GENERAL INFORMATION
fixed length control field 180718b1985 xxu||||| |||| 00| 0 eng d
082 ## - DEWEY DECIMAL CLASSIFICATION NUMBER
Classification number T2034x54 R279
245 ## - TITLE STATEMENT
Title Handbook of industrial licences and letters of intent, 1985
Statement of responsibility, etc. edited by L.P. Rele
260 ## - PUBLICATION, DISTRIBUTION, ETC.
Place of publication, distribution, etc. Bombay
Name of publisher, distributor, etc. Infornomics
Date of publication, distribution, etc. 1985
300 ## - PHYSICAL DESCRIPTION
Extent 644p.
650 ## - SUBJECT ADDED ENTRY--TOPICAL TERM
Topical term or geographic name entry element Industry - Licenses - India
700 ## - ADDED ENTRY--PERSONAL NAME
Personal name Rele, L.P.
Holdings
Withdrawn status Lost status Damaged status Not for loan Permanent Location Current Location Date acquired Full call number Barcode Date last seen Price effective from Koha item type
        Indian Institute of Public Administration Indian Institute of Public Administration 1993-11-22 T2034x54 R279 62174 2018-07-21 2018-07-21 Book

Powered by Koha